Регионална библиотека "Любен Каравелов" - Русе

Кайсия (Запис номер 56848)

MARC детайли
000 -Лидер
Контролно поле с фиксирана дължина 01013nam a2200289 c 4500
003 - Код на организацията, давaща контролен номер
Контролно поле BLK
005 - Дата и час на последна редакция
Контролно поле 20221011094116.0
008 - Елементи от данни с фиксирана дължина
fixed length control field 180408b bul|||||r ||||||| ||bul||
010 ## - Наследен системен номер
LC control number KNG00060834000
040 ## - Източник на каталожния запис
Идентификатор на билиотеката - собственик на записа BLK
041 ## - Код за език
Код за езика на текст/звукозапис или на отделно заглавие Български
Код за езика КДБФ Български
080 ## - УДК
Текстов определител УДК Костилкови плодови растения - Кайсия, слива, вишня, череша, праскова и др.
УДК код - определител по УДК 634.2
УДК - код + определител 634.2
100 1# - Редна дума - Автор
Автор Илиев, Иван
R(LIN) 364404
139 ## - Редно поле
Редна дума Илиев, Иван и др.
Авторски знак Илие - И 52
245 10 - Сведения за заглавието
Заглавие Кайсия
Подзаглавни данни Моногр.
Редно поле (дума) Иван Илиев; съавт. Никола Стефанов.
257 ## - Страна на издаване
Страна на създаване/издаване България
260 ## - Област на издателските данни
Име на издателя, разпространителя и проч. Христо Г. Данов
Година на издаване 1970
Място на издаване, разпространение и проч. Пловдив
300 ## - Физическа характеристика
Страници 176 с.
Размери/Мащаб 20 см
380 ## - Жанр
Жанр Селско стопанство
500 ## - Общи забележки
Забележка Библиогр. с. 169-173.
700 1# - Други автори (авторска отговорност)
Лично име Стефанов, Никола
Автороска отговорност (Описва отношението между автора и произведението) съавт.
9 (RLIN) 369386
852 ## - Местоположение
Форматна сигнатура Цб 54037
856 4# - Електронен адрес и достъп
Електронен формат pdf - файл
856 4# - Електронен адрес и достъп
Електронен формат pdf - файл
999 ## - СИСТЕМНИ КОНТРОЛНИ НОМЕРА
Koha biblionumber 56848
Koha biblioitemnumber 56848
942 ## - АРТИКУЛИ
Вид на библиотечния материал Книги
Скрит в OPAC Не
Периодичен библиозапис Да
944 ## - СЪЗДАВАНЕ И РЕДАКЦИЯ на ЗАПИСА
Създаване/Редакция Създаване
Дата на регистрацията/редакция 13.06.2004
Служител, извършил регистрацията/редакцията Читалня
944 ## - СЪЗДАВАНЕ И РЕДАКЦИЯ на ЗАПИСА
Създаване/Редакция Редакция
Дата на регистрацията/редакция 19.08.2015
999 ## - СИСТЕМНИ КОНТРОЛНИ НОМЕРА
Koha biblioitemnumber 56848
Наличности
Код за отписване Код за изгубен артикул Източник на класификационната схема Код за повреда Коз за рестрикции Код за отдаване Артикулен № Име на библиотеката - собственик Име на библиотеката, в която се намира в момента Статус (Текущо местоположение) Дата на вписване в системата Местоположение - отдел Цена в лева Инвентарен номер Систематично азбучна сигнатура Баркод Номер на екземпляра Цена в евро Служебна бележка Служебен тип на артикула Бележка за публиката
Изтеглен Не е изгубен Universal Decimal Classification Не е повреден без рестрикции ползва се в читалня 90983 Регионална библиотека "Любен Каравелов" Русе Регионална библиотека "Любен Каравелов" Русе Читалня 1993-01-01 Читалня 1.20 75061 Ч 634/И 52 75061 1 0.61 Дата инв: 20.03.2017 Бележки инв: Ч2017 Книги  
Изтеглен Не е изгубен   Не е повреден без рестрикции заемане за дома 90984 Регионална библиотека "Любен Каравелов" Русе Регионална библиотека "Любен Каравелов" Русе   1970-01-01 Заемна - подръчен фонд 1.20 75058 П 634.2/И 52 75058 2 0.61 N: стар фонд Дата: 01.01.1970 Книги Отч.N: 18/18 , Дата: 22.03.2018
Изтеглен Не е изгубен   Не е повреден без рестрикции заемане за дома 90985 Регионална библиотека "Любен Каравелов" Русе Регионална библиотека "Любен Каравелов" Русе   1970-01-01 Заемна - подръчен фонд 1.20 75059 П 634.2/И 52 75059 3 0.61 N: стар фонд Дата: 01.01.1970 Книги Отч.N: 18/18 , Дата: 22.03.2018
Изтеглен Не е изгубен   Не е повреден без рестрикции заемане за дома 90986 Регионална библиотека "Любен Каравелов" Русе Регионална библиотека "Любен Каравелов" Русе   1970-01-01 Заемна - подръчен фонд 1.20 75060 П 634.2/И 52 75060 4 0.61 N: стар фонд Дата: 01.01.1970 Книги Отч.N: 18/18 , Дата: 22.03.2018
  Не е изгубен Universal Decimal Classification Не е повреден само за читалня ползва се в читалня 90987 Регионална библиотека "Любен Каравелов" Русе Регионална библиотека "Любен Каравелов" Русе Хранилище 1970-01-01 Хранилище 1.20 77156 Цб 54037 120000077156 5 0.61 N: стар фонд Дата: 01.01.1970 Книги  
Vip Innovations Ltd, Rousse, Bulgaria 2025